| 000 | 00696cam a22002413a 4500 | ||
|---|---|---|---|
| 001 | 14476 | ||
| 003 | PGUSA | ||
| 005 | 20140828083317.0 | ||
| 008 | 041226s2004||||xxu|||||s|||||000 | eng d | ||
| 040 |
_aPGUSA _beng |
||
| 042 | _adc | ||
| 050 | 4 | _aPR | |
| 100 | 1 |
_aSharp, William, _d1855-1905 |
|
| 245 | 1 | 0 |
_aLife of Robert Browning _h[electronic resource] / _cWilliam Sharp |
| 260 |
_bProject Gutenberg, _c2004 |
||
| 506 | _aPublic domain in the USA. | ||
| 516 | _aElectronic text | ||
| 653 | _aBrowning, Robert, 1812-1889 | ||
| 653 | _aPoets, English -- 19th century -- Biography | ||
| 830 | 0 |
_aProject Gutenberg _v14476 |
|
| 856 | 4 | 0 | _uhttp://www.gutenberg.org/ebooks/14476 |
| 942 | _cEB | ||
| 999 |
_c243731 _d243731 |
||